[Event "XIII MIEDZYNARODOWY FESTIWAL SZACHOWY PERLA BALTYKU - GRUPA A"]
[Site "LAZY - OW BRYZA"]
[Date "1899-12-30"]
[Round "9.20"]
[White "Zabron, Maksym"]
[Black "Plocica, Krzysztof"]
[Result "0-1"]
[WhiteTitle "I"]
[BlackTitle "II"]
[WhiteElo "1625"]
[BlackElo "1439"]

1. d4 d5 2. c4 e6 3. Nc3 Nf6 4. Nf3 Be7 5. Bf4 c6 6. e3 O-O 7. Rc1 Bd6 8. Be5 Bxe5
9. Nxe5 Nbd7 10. Nxd7 Bxd7 11. Bd3 Re8 12. O-O e5 13. cxd5 Nxd5 14. Bc4 Nf6 15.
Qb3 Be6 16. Rfd1 Bxc4 17. Qxc4 exd4 18. Rxd4 Qb6 19. Na4 Qc7 20. Qd3 Rad8 21.
Rd1 Rxd4 22. Qxd4 b6 23. Nc3 h6 24. b4 Kf8 25. b5 c5 26. Qd3 Ke7 27. e4 Rd8 28.
Nd5+ Nxd5 29. exd5 Qe5 30. Qf3 Rd7 31. g3 Kd6 32. Rd3 Re7 33. Re3 Qa1+ 34. Kg2
Rxe3 35. Qxe3 Qe5 36. Qa3 Qxd5+ 37. Kg1 Qc4 38. Qxa7 Qxb5 39. Qxf7 Qb1+ 40. Kg2
Qe4+ 41. Kg1 Qe5 42. Qg6+ Qf6 43. Qd3+ Kc6 44. Qe4+ Kb5 45. Qb1+ Ka5 46. Qe1+
Ka6 47. Qf1+ b5 48. a4 c4 49. axb5+ Kxb5 50. Qb1+ Kc5 51. Kf1 Qf3 52. Qg6 c3 53.
Qxg7 c2 54. Qc7+ Qc6 55. Qe5+ Kb4 56. Qb2+ Ka5 57. Qa2+ Qa4 58. Qxa4+ Kxa4 59.
f4 c1=Q+ 60. Kg2 Qd1 61. h3 Qe2+ 62. Kg1 Qf3 0-1

[Event "XIII MIEDZYNARODOWY FESTIWAL SZACHOWY PERLA BALTYKU - GRUPA A"]
[Site "LAZY - OW BRYZA"]
[Date "1899-12-30"]
[Round "9.21"]
[White "Kabacinski, Krzysztof"]
[Black "Szeliga, Sebastian"]
[Result "1/2-1/2"]
[WhiteTitle "II"]
[BlackTitle "II"]
[WhiteElo "1556"]
[BlackElo "1310"]

1. f4 d5 2. Nf3 Nc6 3. e3 a6 4. g3 Bg4 5. Bg2 Nf6 6. O-O e6 7. d3 Bd6 8. Nbd2 e5
9. fxe5 Nxe5 10. Qe1 Nxf3+ 11. Nxf3 O-O 12. Kh1 Qd7 13. Bd2 Rfe8 14. Bc3 Bxf3
15. Bxf3 Be5 16. Qd2 Bxc3 17. bxc3 Re7 18. Rfe1 Rae8 19. Kg2 b6 20. h3 Qb5 21.
a4 Qc5 22. Kf2 Re6 23. Rab1 Qd6 24. Kg2 Qe5 25. Ra1 Nh5 26. Bxh5 Qxh5 27. h4 Qh6
28. Kf2 Qf6+ 29. Kg2 Qe7 30. Kf2 Qd6 31. Rab1 Rg6 32. Rg1 Qe5 33. Rb4 Rc6 34.
Rd4 Rf6+ 35. Rf4 1/2-1/2

[Event "XIII MIEDZYNARODOWY FESTIWAL SZACHOWY PERLA BALTYKU - GRUPA A"]
[Site "LAZY - OW BRYZA"]
[Date "1899-12-30"]
[Round "9.22"]
[White "Wolaniecki, Patryk"]
[Black "Wysocki, Mieczyslaw"]
[Result "1/2-1/2"]
[WhiteTitle "I"]
[BlackTitle "I"]
[WhiteElo "1597"]
[BlackElo "1702"]

1. e4 e5 2. Nf3 Nc6 3. d4 exd4 4. Bc4 Be7 5. c3 d6 6. cxd4 Nf6 7. Nc3 Bg4 8. Be3
O-O 9. O-O Nxe4 10. Nxe4 d5 11. Bd3 dxe4 12. Bxe4 Qd6 13. h3 Bh5 14. Qc2 Bxf3
15. Bxf3 Nxd4 16. Bxd4 Qxd4 17. Qxc7 Bd6 18. Qxb7 Rab8 19. Qd5 Qxd5 20. Bxd5 Rxb2
21. Rac1 a5 22. Rc6 Bb4 23. Rc7 a4 24. a3 1/2-1/2

[Event "XIII MIEDZYNARODOWY FESTIWAL SZACHOWY PERLA BALTYKU - GRUPA A"]
[Site "LAZY - OW BRYZA"]
[Date "1899-12-30"]
[Round "9.23"]
[White "Bucko, Wieslaw"]
[Black "Rejniak, Zuzanna"]
[Result "0-1"]
[WhiteTitle "II"]
[BlackTitle "I+"]
[WhiteElo "1549"]
[BlackElo "1628"]

1. d4 Nf6 2. Nf3 g6 3. Bf4 Bg7 4. h3 O-O 5. Bh2 d5 6. c4 c5 7. e3 Nc6 8. Nc3 Qa5
9. cxd5 Nxd5 10. Qb3 cxd4 11. Qxd5 dxc3 12. Qxa5 Nxa5 13. b3 Nc6 14. Rc1 Bf5 15.
Nh4 Rfd8 16. Nxf5 gxf5 17. Bc4 Rd2 18. O-O Na5 19. Bc7 Nxc4 20. bxc4 Rc8 21. Ba5
Rxc4 22. Rfd1 Rxd1+ 23. Rxd1 b6 0-1

[Event "XIII MIEDZYNARODOWY FESTIWAL SZACHOWY PERLA BALTYKU - GRUPA A"]
[Site "LAZY - OW BRYZA"]
[Date "1899-12-30"]
[Round "9.24"]
[White "Pietras, Maksymilian"]
[Black "Dluzynski, Krzysztof"]
[Result "1/2-1/2"]
[WhiteTitle "II+"]
[BlackTitle "II"]
[WhiteElo "1615"]
[BlackElo "1547"]

1. d4 Nf6 2. Nf3 d5 3. c4 e6 4. Nc3 Nbd7 5. e3 Be7 6. cxd5 exd5 7. Bd3 O-O 8. O-O
c6 9. b3 Re8 10. Bb2 Bd6 11. Qc2 h6 12. Rae1 Nf8 13. e4 dxe4 14. Nxe4 Nxe4 15.
Bxe4 Be6 16. Qc3 f6 17. Bc2 Bd5 18. Qd3 Qc7 19. h3 Bb4 20. Re3 Re7 1/2-1/2

[Event "XIII MIEDZYNARODOWY FESTIWAL SZACHOWY PERLA BALTYKU - GRUPA A"]
[Site "LAZY - OW BRYZA"]
[Date "1899-12-30"]
[Round "9.25"]
[White "Bialek, Alicja"]
[Black "Starosta, Martyna"]
[Result "0-1"]
[WhiteTitle "I"]
[BlackTitle "WCM"]
[WhiteElo "1367"]
[BlackElo "1591"]

1. e4 c5 2. Nf3 e6 3. d4 cxd4 4. Nxd4 Nf6 5. Nc3 Nc6 6. Ndb5 Bb4 7. a3 Bxc3+ 8.
Nxc3 d5 9. exd5 exd5 10. Bd3 O-O 11. O-O d4 12. Ne2 Bg4 13. f3 Bh5 14. Nf4 Bg6
15. Nxg6 hxg6 16. f4 Ne7 17. Qf3 Qb6 18. f5 gxf5 19. Bxf5 Nxf5 20. Qxf5 d3+ 21.
Kh1 dxc2 22. Qxc2 Rac8 23. Qd3 Rfe8 24. Qg3 Ne4 25. Qf3 Qg6 26. Be3 b6 27. Rac1
Qf6 28. Qxf6 Nxf6 29. Bd4 Rxc1 30. Rxc1 Nd5 31. h3 Nf4 32. Rf1 Ne2 33. Rd1 Rd8
34. b4 Nxd4 35. a4 Nc6 36. Rxd8+ Nxd8 37. b5 Nb7 38. Kg1 Nc5 39. Kf2 Nxa4 0-1

[Event "XIII MIEDZYNARODOWY FESTIWAL SZACHOWY PERLA BALTYKU - GRUPA A"]
[Site "LAZY - OW BRYZA"]
[Date "1899-12-30"]
[Round "9.26"]
[White "Wojcik, Jagoda"]
[Black "Zadkowski, Zbigniew"]
[Result "1-0"]
[WhiteTitle "I+"]
[BlackTitle "II"]
[WhiteElo "1730"]
[BlackElo "1584"]

1. e4 d6 2. d4 Nf6 3. Nc3 g6 4. Nf3 Bg7 5. Be2 O-O 6. O-O Nc6 7. h3 e5 8. d5 Ne7
9. Nb5 Ne8 10. c4 f5 11. Nc3 Nf6 12. exf5 Bxf5 13. Be3 h6 14. c5 a6 15. Qb3 Qc8
16. Rac1 Ne4 17. cxd6 Nxd6 18. Na4 Qd8 19. Rfd1 Kh7 20. Nc5 Rb8 21. Nd2 c6 22.
dxc6 Nxc6 23. Nc4 Rf6 24. g4 Bc8 25. g5 hxg5 26. Bxg5 Nd4 27. Qe3 Qf8 28. Bxf6
Qxf6 29. Nxd6 Qxd6 30. Ne4 Qe7 31. Ng5+ Kh8 32. Rxd4 Bh6 33. Rh4 Kg7 34. Ne6+
Bxe6 35. Qxh6+ Kf7 36. Qh7+ Kf6 37. Qxe7+ 1-0

[Event "XIII MIEDZYNARODOWY FESTIWAL SZACHOWY PERLA BALTYKU - GRUPA A"]
[Site "LAZY - OW BRYZA"]
[Date "1899-12-30"]
[Round "9.27"]
[White "Budrewicz, Henryk"]
[Black "Pisarek, Elzbieta"]
[Result "0-1"]
[WhiteTitle "I"]
[BlackTitle "I"]
[WhiteElo "1488"]
[BlackElo "1397"]

1. d4 Nf6 2. Bf4 e6 3. e3 b6 4. Bd3 Bb7 5. Nf3 Be7 6. h3 c5 7. c3 d6 8. O-O O-O
9. Nbd2 Nbd7 10. Bh2 h6 11. Qe2 cxd4 12. exd4 Rc8 13. Rfe1 Nd5 14. Rac1 Re8 15.
a3 N7f6 16. g4 Nh7 17. Ne4 Ndf6 18. Bg3 Nxe4 19. Bxe4 Bxe4 20. Qxe4 Nf6 21. Qe2
Qd7 22. Nh2 Nh7 23. f4 Bf6 24. h4 g6 25. g5 hxg5 26. fxg5 Bg7 27. Ng4 Qc6 28.
Rf1 e5 29. Nf6+ Nxf6 30. gxf6 Bh6 31. Rcd1 exd4 32. Qg4 Re4 33. Rf4 Bxf4 34. Bxf4
dxc3 35. Qg5 Qc5+ 36. Qxc5 dxc5 37. Bh6 cxb2 38. Rb1 Re2 39. Kf1 Rce8 0-1

[Event "XIII MIEDZYNARODOWY FESTIWAL SZACHOWY PERLA BALTYKU - GRUPA A"]
[Site "LAZY - OW BRYZA"]
[Date "1899-12-30"]
[Round "9.28"]
[White "Lazniewski, Tadeusz"]
[Black "Bochniak, Jakub"]
[Result "1-0"]
[WhiteTitle "II"]
[BlackTitle "III"]
[WhiteElo "1401"]
[BlackElo "1352"]

1. e4 e5 2. Nf3 Nc6 3. Bc4 Nd4 4. c3 Nxf3+ 5. Qxf3 Nf6 6. d4 d6 7. h3 Be7 8. O-O
O-O 9. Rd1 Be6 10. Bb3 Nd7 11. d5 Bxh3 12. Qxh3 Bg5 13. Bxg5 Qxg5 14. Qxd7 f5
15. Nd2 Qf4 16. Bc2 Qg4 17. Nf1 Rf7 18. Qa4 Qe2 19. exf5 g6 20. Qe4 Qh5 21. fxg6
Rf4 22. gxh7+ Kh8 23. Qg6 Qh4 24. Qg3 Qh5 25. Ne3 Raf8 26. Rf1 Rh4 27. f3 Rhf4
28. Bg6 Qh6 29. Nf5 R4xf5 30. Bxf5 Qe3+ 31. Rf2 Qh6 32. Qg6 Qf4 33. Be6 Qf6 34.
Qg8+ Rxg8 35. hxg8=Q# 1-0